[Event "V Campeonato de España de Selecciones Au"]
[Site "Tossa de Mar"]
[Date "2010.05.01"]
[Round "5"]
[White "Bolado Saez, Sergio"]
[Black "Alvarez Fernandez, Enrique"]
[Result "1-0"]
[WhiteElo "2335"]
[BlackElo "2366"]
[PlyCount "99"]
[EventDate "2010.04.29"]
[EventType "team"]
[EventRounds "6"]
[EventCountry "ESP"]
[WhiteTeam "Cantabria"]
[BlackTeam "Asturias"]

1. d4 d5 2. Nf3 Nf6 3. c4 c6 4. Qc2 dxc4 5. e4 b5 6. b3 cxb3 7. axb3 e6 8. Bd2
Bb7 9. Ba5 Qc8 10. Nc3 b4 11. Na4 Ba6 12. Nc5 Bxf1 13. Kxf1 Bxc5 14. dxc5 Qa6+
15. Kg1 Nbd7 16. Ra4 O-O 17. g3 e5 18. Kg2 Qb5 19. Rc1 Rfe8 20. Nd2 Qe2 21.
Bxb4 Ng4 22. Nc4 Qxc2 23. Rxc2 Ngf6 24. f3 Rab8 25. Na5 Rec8 26. Rd2 Rc7 27.
Ba3 h5 28. b4 g5 29. Bb2 g4 30. Nc4 Re8 31. Bc3 Kg7 32. Rda2 Ra8 33. Ra6 gxf3+
34. Kxf3 h4 35. g4 Nh7 36. Nxe5 f6 37. Nxc6 Ng5+ 38. Ke3 Re8 39. e5 fxe5 40.
Rxa7 Rxc6 41. Rxd7+ Kg6 42. Raa7 Rf6 43. Rg7+ Kh6 44. Bd2 e4 45. Kd4 e3 46.
Bxe3 Re4+ 47. Kd3 Rf3 48. Rh7+ Kg6 49. Rag7+ Kf6 50. Rf7+ 1-0

[Event "V Campeonato de España de Selecciones Au"]
[Site "Tossa de Mar"]
[Date "2010.05.01"]
[Round "5"]
[White "Andres Gonzalez, Ivan"]
[Black "Martin Fuentes, Alberto"]
[Result "1/2-1/2"]
[WhiteElo "2340"]
[BlackElo "2247"]
[PlyCount "61"]
[EventDate "2010.04.29"]
[EventType "team"]
[EventRounds "6"]
[EventCountry "ESP"]
[WhiteTeam "Asturias"]
[BlackTeam "Cantabria"]

1. d4 Nf6 2. Nf3 g6 3. g3 c5 4. d5 b5 5. c4 d6 6. Bg2 Bg7 7. O-O O-O 8. Re1
Nbd7 9. a4 bxc4 10. Nfd2 Rb8 11. Nxc4 Ba6 12. Nba3 Qc7 13. Bd2 Nb6 14. Ba5 Qd7
15. Bxb6 axb6 16. e4 b5 17. axb5 Bxb5 18. e5 Ne8 19. Nxb5 Rxb5 20. Qa4 Rb7 21.
Qxd7 Rxd7 22. Ra6 dxe5 23. Rc6 Nd6 24. Rxc5 Rb8 25. Bf1 Bf6 26. Nxd6 exd6 27.
Rc2 Rdb7 28. Rb1 e4 29. Bg2 Rb4 30. Re2 Re8 31. Rbe1 1/2-1/2

[Event "V Campeonato de España de Selecciones Au"]
[Site "Tossa de Mar"]
[Date "2010.05.01"]
[Round "5"]
[White "Marcos Pinto, Luis"]
[Black "Revilla Rio, Francisco"]
[Result "1-0"]
[WhiteElo "2186"]
[BlackElo "2112"]
[PlyCount "83"]
[EventDate "2010.04.29"]
[EventType "team"]
[EventRounds "6"]
[EventCountry "ESP"]
[WhiteTeam "Asturias"]
[BlackTeam "Cantabria"]

1. e4 e5 2. Nf3 d6 3. d4 Nd7 4. Nc3 c6 5. Bc4 Be7 6. dxe5 dxe5 7. O-O b5 8. Bb3
Ngf6 9. a3 O-O 10. Qe2 Qc7 11. Bg5 Nc5 12. Ba2 Bg4 13. Qe3 Ne6 14. Bxf6 Bxf6
15. h3 Bh5 16. Bxe6 fxe6 17. Rad1 Bd8 18. g4 Bg6 19. Kg2 Qf7 20. Nxe5 Qe8 21.
Nxg6 Qxg6 22. f4 Bb6 23. Qf3 e5 24. f5 Qf6 25. Rd3 Rfd8 26. Rfd1 Rxd3 27. Rxd3
Rd8 28. Ne2 h5 29. Ng3 h4 30. Ne2 Qe7 31. Kf1 Rxd3 32. Qxd3 Qc5 33. Ke1 a5 34.
Kd2 a4 35. Kc1 b4 36. Kb1 Ba5 37. axb4 Qxb4 38. Ka2 Bb6 39. g5 Bd4 40. Nxd4
exd4 41. Qa6 c5 42. g6 1-0

[Event "V Campeonato de España de Selecciones Au"]
[Site "Tossa de Mar"]
[Date "2010.05.01"]
[Round "5"]
[White "Calvo Fernandez, Isabel"]
[Black "Grace Coletes, Angela"]
[Result "0-1"]
[WhiteElo "1562"]
[BlackElo "1750"]
[PlyCount "66"]
[EventDate "2010.04.29"]
[EventType "team"]
[EventRounds "6"]
[EventCountry "ESP"]
[WhiteTeam "Cantabria"]
[BlackTeam "Asturias"]

1. e4 c5 2. c3 d5 3. e5 e6 4. d4 Nc6 5. a3 Qb6 6. Nf3 cxd4 7. cxd4 Nge7 8. b4
Nf5 9. Be3 Bd7 10. Be2 Be7 11. Nc3 Rc8 12. Na4 Qd8 13. Nc5 Bxc5 14. dxc5 Nxe3
15. fxe3 Qc7 16. O-O Nxe5 17. Nxe5 Qxe5 18. Qd4 Qxd4 19. exd4 f6 20. Bf3 O-O
21. Rfe1 Rfe8 22. Kf2 Bc6 23. Bg4 Kf7 24. Re3 Re7 25. Rae1 Rce8 26. Bd1 e5 27.
dxe5 fxe5 28. Rh3 Kg8 29. Bb3 g6 30. Rd3 Rd8 31. Rde3 e4 32. Rxe4 Rf7+ 33. Kg1
dxe4 0-1

[Event "V Campeonato de España de Selecciones Au"]
[Site "Tossa de Mar"]
[Date "2010.05.02"]
[Round "6"]
[White "Huerga Leache, Mikel"]
[Black "Alsina Leal, Daniel"]
[Result "1/2-1/2"]
[WhiteElo "2446"]
[BlackElo "2548"]
[PlyCount "37"]
[EventDate "2010.04.29"]
[EventType "team"]
[EventRounds "6"]
[EventCountry "ESP"]
[WhiteTeam "Navarra"]
[BlackTeam "Catalunya A"]

1. e4 c5 2. Nf3 Nc6 3. d4 cxd4 4. Nxd4 Nf6 5. Nc3 e5 6. Ndb5 d6 7. Bg5 a6 8.
Na3 b5 9. Nd5 Be7 10. Bxf6 Bxf6 11. c4 b4 12. Nc2 Rb8 13. Qd3 O-O 14. Be2 Bg5
15. O-O Be6 16. Bf3 a5 17. Rfd1 Qd7 18. b3 Qa7 19. a3 1/2-1/2

[Event "V Campeonato de España de Selecciones Au"]
[Site "Tossa de Mar"]
[Date "2010.05.02"]
[Round "6"]
[White "Narciso Dublan, Marc"]
[Black "De La Villa Garcia, Jesus Maria"]
[Result "1/2-1/2"]
[WhiteElo "2530"]
[BlackElo "2494"]
[PlyCount "41"]
[EventDate "2010.04.29"]
[EventType "team"]
[EventRounds "6"]
[EventCountry "ESP"]
[WhiteTeam "Catalunya A"]
[BlackTeam "Navarra"]

1. c4 e5 2. g3 Nf6 3. Bg2 d5 4. cxd5 Nxd5 5. Nc3 Nb6 6. Nf3 Nc6 7. O-O Be7 8.
a3 O-O 9. b4 Be6 10. Rb1 f6 11. d3 Nd4 12. Nd2 c6 13. Nde4 Bf7 14. Nc5 Qc7 15.
e3 Ne6 16. Nb3 Rad8 17. Qc2 f5 18. Bb2 Bh5 19. Nc5 Bf7 20. N3e4 Ra8 21. Qd1
1/2-1/2

[Event "V Campeonato de España de Selecciones Au"]
[Site "Tossa de Mar"]
[Date "2010.05.02"]
[Round "6"]
[White "Navarro Cia, Miguel"]
[Black "Romero Holmes, Alfonso"]
[Result "0-1"]
[WhiteElo "2326"]
[BlackElo "2515"]
[PlyCount "68"]
[EventDate "2010.04.29"]
[EventType "team"]
[EventRounds "6"]
[EventCountry "ESP"]
[WhiteTeam "Navarra"]
[BlackTeam "Catalunya A"]

1. e4 c5 2. Nf3 Nc6 3. d4 cxd4 4. Nxd4 Nf6 5. Nc3 d6 6. g3 g6 7. Bg2 Bg4 8. f3
Bd7 9. O-O Bg7 10. Be3 Rc8 11. a4 a6 12. Qd2 O-O 13. Kh1 Re8 14. Nxc6 bxc6 15.
a5 c5 16. Qe2 Rb8 17. Qxa6 Rxb2 18. Rfc1 Ng4 19. Bd2 Nf2+ 20. Kg1 Bd4 21. Ne2
Bb5 22. Qxb5 Rxb5 23. Nxd4 Nxe4 24. Nxb5 Nxd2 25. f4 Qb8 26. a6 Qxb5 27. a7 Qb2
28. a8=Q Rxa8 29. Rxa8+ Kg7 30. Raa1 Nc4 31. Rab1 Qd4+ 32. Kh1 Ne3 33. c4 Nxc4
34. Rd1 Nd2 0-1

[Event "V Campeonato de España de Selecciones Au"]
[Site "Tossa de Mar"]
[Date "2010.05.02"]
[Round "6"]
[White "Oms Pallisse, Josep"]
[Black "Zamarbide Inarrea, Borja"]
[Result "1-0"]
[WhiteElo "2494"]
[BlackElo "2191"]
[PlyCount "67"]
[EventDate "2010.04.29"]
[EventType "team"]
[EventRounds "6"]
[EventCountry "ESP"]
[WhiteTeam "Catalunya A"]
[BlackTeam "Navarra"]

1. d4 e6 2. c4 b6 3. e4 Bb7 4. Bd3 f5 5. exf5 Bb4+ 6. Kf1 Nf6 7. Nf3 c5 8. a3
Ba5 9. Bf4 Qe7 10. fxe6 O-O 11. dxc5 Nc6 12. Bd6 Qxe6 13. b4 bxc5 14. bxa5 Nd4
15. Nxd4 cxd4 16. Bxf8 Rxf8 17. Nd2 Ng4 18. Nf3 Nxf2 19. Qe2 Nxd3 20. Qxe6+
dxe6 21. Ke2 Nf4+ 22. Kd2 Rd8 23. Rab1 Bc6 24. Ne5 Bxg2 25. Rhe1 g5 26. Rb5 Kg7
27. Rg1 Kf6 28. Ng4+ Kg6 29. Ne5+ Kf6 30. Re1 h5 31. a6 Rd6 32. Rb7 Bxb7 33.
axb7 Rb6 34. Nd7+ 1-0

[Event "V Campeonato de España de Selecciones Au"]
[Site "Tossa de Mar"]
[Date "2010.05.02"]
[Round "6"]
[White "Zamarbide Inarrea, Daniel"]
[Black "Alonso Rosell, Alvar"]
[Result "0-1"]
[WhiteElo "2162"]
[BlackElo "2509"]
[PlyCount "64"]
[EventDate "2010.04.29"]
[EventType "team"]
[EventRounds "6"]
[EventCountry "ESP"]
[WhiteTeam "Navarra"]
[BlackTeam "Catalunya A"]

1. e4 c6 2. Nf3 d5 3. Nc3 Bg4 4. h3 Bh5 5. exd5 cxd5 6. g4 Bg6 7. Ne5 Nc6 8.
Bb5 Rc8 9. d4 e6 10. h4 f6 11. Nxg6 hxg6 12. Qe2 Kf7 13. Be3 Bb4 14. h5 gxh5
15. gxh5 f5 16. Bxc6 Bxc3+ 17. bxc3 Rxc6 18. Bd2 Nf6 19. Qf3 Qb6 20. Qg3 Nxh5
21. Qg5 g6 22. Ke2 Qd8 23. Qg2 Qf6 24. Rab1 b6 25. Qh2 Re8 26. Rbe1 b5 27. Kf1
b4 28. Rg1 bxc3 29. Bg5 Qxd4 30. Rb1 Qc4+ 31. Ke1 e5 32. Rb7+ Rc7 0-1

[Event "V Campeonato de España de Selecciones Au"]
[Site "Tossa de Mar"]
[Date "2010.05.02"]
[Round "6"]
[White "Llaneza Vega, Patricia"]
[Black "Mauleon Carranza, Nerea"]
[Result "1-0"]
[WhiteElo "2277"]
[BlackElo "1823"]
[PlyCount "65"]
[EventDate "2010.04.29"]
[EventType "team"]
[EventRounds "6"]
[EventCountry "ESP"]
[WhiteTeam "Catalunya A"]
[BlackTeam "Navarra"]

1. e4 c5 2. Nf3 Nc6 3. Nc3 g6 4. d4 cxd4 5. Nxd4 Bg7 6. Be3 Nf6 7. Bc4 Nxe4 8.
Nxe4 d5 9. Bb5 dxe4 10. Nxc6 bxc6 11. Bxc6+ Bd7 12. Bxa8 Qxa8 13. O-O Bc6 14.
Bd4 O-O 15. Bxg7 Kxg7 16. Qd4+ Kg8 17. Rfd1 Qb7 18. c4 Rb8 19. Rd2 a5 20. Rad1
f6 21. Qc5 a4 22. h4 h5 23. Rd8+ Rxd8 24. Rxd8+ Kf7 25. b4 axb3 26. axb3 e3 27.
fxe3 Bxg2 28. Qb5 Qf3 29. Qe8+ Ke6 30. Qg8+ Kf5 31. Qd5+ e5 32. Qd7+ Ke4 33.
Qd3# 1-0

[Event "V Campeonato de España de Selecciones Au"]
[Site "Tossa de Mar"]
[Date "2010.05.02"]
[Round "6"]
[White "Arribas Lopez, Angel"]
[Black "Salgado Lopez, Ivan"]
[Result "1/2-1/2"]
[WhiteElo "2441"]
[BlackElo "2592"]
[PlyCount "102"]
[EventDate "2010.04.29"]
[EventType "team"]
[EventRounds "6"]
[EventCountry "ESP"]
[WhiteTeam "Madrid"]
[BlackTeam "Galicia"]

1. e4 c5 2. Ne2 Nf6 3. Nbc3 d6 4. d4 cxd4 5. Nxd4 e6 6. g4 a6 7. g5 Nfd7 8.
Nde2 Nc6 9. Bg2 Be7 10. h4 Qb6 11. Ng3 Nde5 12. O-O h6 13. Be3 Qc7 14. Qe2 hxg5
15. hxg5 b5 16. Rad1 Rh4 17. f4 Ng4 18. Nf5 Nxe3 19. Qxe3 exf5 20. exf5 Bxf5
21. Rfe1 Rg4 22. Kf1 Ra7 23. Nd5 Qb8 24. Qc3 Kf8 25. Qxc6 Bd7 26. Qc3 b4 27.
Qe3 Bd8 28. Bh3 Bb5+ 29. Kf2 Rh4 30. Kg3 Rh8 31. f5 Rc7 32. Nxc7 Qxc7 33. Qf4
Rh5 34. Bg4 Rxg5 35. Rxd6 Bf6 36. Rd2 Qxf4+ 37. Kxf4 g6 38. Rd6 Kg7 39. c3 bxc3
40. bxc3 Bxc3 41. Kxg5 f6+ 42. Kf4 Bxe1 43. fxg6 Kxg6 44. Bf5+ Kf7 45. Rb6 Bc3
46. Ke4 Be5 47. Bc8 Bc4 48. a3 a5 49. Bb7 Ke7 50. Ba6 Be6 51. Rb5 Bc7 1/2-1/2

[Event "V Campeonato de España de Selecciones Au"]
[Site "Tossa de Mar"]
[Date "2010.05.02"]
[Round "6"]
[White "Pena Gomez, Manuel"]
[Black "Moreno Ruiz, Javier"]
[Result "0-1"]
[WhiteElo "2432"]
[BlackElo "2459"]
[PlyCount "86"]
[EventDate "2010.04.29"]
[EventType "team"]
[EventRounds "6"]
[EventCountry "ESP"]
[WhiteTeam "Galicia"]
[BlackTeam "Madrid"]

1. g3 c5 2. Bg2 g6 3. c3 Bg7 4. d4 Nf6 5. e4 O-O 6. Ne2 d6 7. O-O Nbd7 8. h3
Rb8 9. Be3 cxd4 10. cxd4 b5 11. Nd2 Nb6 12. b3 Bb7 13. a4 bxa4 14. bxa4 Ba6 15.
a5 Nc4 16. Nxc4 Bxc4 17. Qc2 d5 18. e5 Ne8 19. Rfe1 Nc7 20. Nf4 e6 21. Bf1 Bxf1
22. Rxf1 Qd7 23. Rfc1 Rfc8 24. Rab1 Rxb1 25. Qxb1 Na6 26. Rxc8+ Qxc8 27. Qb5
Bf8 28. Nd3 Qc4 29. Qe8 Qxd3 30. Bh6 Qb1+ 31. Kg2 Qb8 32. Qc6 Nb4 33. Qc1 Bxh6
34. Qxh6 Nc6 35. Qd2 Qb5 36. Qc1 h5 37. g4 hxg4 38. h4 Qc4 39. Qa3 Qxd4 40. Qd6
Nxe5 41. h5 gxh5 42. Qd8+ Kg7 43. Qg5+ Ng6 0-1

[Event "V Campeonato de España de Selecciones Au"]
[Site "Tossa de Mar"]
[Date "2010.05.02"]
[Round "6"]
[White "Roa Alonso, Santiago"]
[Black "Caselas Cabanas, Jacobo"]
[Result "1-0"]
[WhiteElo "2434"]
[BlackElo "2428"]
[PlyCount "73"]
[EventDate "2010.04.29"]
[EventType "team"]
[EventRounds "6"]
[EventCountry "ESP"]
[WhiteTeam "Madrid"]
[BlackTeam "Galicia"]

1. d4 d5 2. c4 e6 3. Nc3 Nf6 4. Bg5 Be7 5. e3 O-O 6. Nf3 Nbd7 7. Qc2 b6 8. cxd5
exd5 9. Bd3 Bb7 10. O-O h6 11. Bh4 c5 12. Rfd1 Ne4 13. Nxd5 Ng5 14. Nxe7+ Qxe7
15. Nxg5 hxg5 16. Bg3 Rfc8 17. d5 Nf6 18. d6 Qf8 19. Bf5 Rd8 20. d7 g6 21. Be5
Nd5 22. Bxg6 Qe7 23. Qf5 Rxd7 24. Bh7+ Kf8 25. e4 f6 26. exd5 Qxh7 27. Qxf6+
Rf7 28. Qxg5 Rf5 29. Qg3 Re8 30. Re1 Kf7 31. Bf6 Rxe1+ 32. Rxe1 Rxd5 33. Bc3
Bc8 34. Qc7+ Bd7 35. h3 b5 36. Qd8 Be6 37. Qf6+ 1-0

[Event "V Campeonato de España de Selecciones Au"]
[Site "Tossa de Mar"]
[Date "2010.05.02"]
[Round "6"]
[White "Suarez Pousa, Diego"]
[Black "Gallardo Garcia, Andres"]
[Result "1/2-1/2"]
[WhiteElo "2419"]
[BlackElo "2412"]
[PlyCount "90"]
[EventDate "2010.04.29"]
[EventType "team"]
[EventRounds "6"]
[EventCountry "ESP"]
[WhiteTeam "Galicia"]
[BlackTeam "Madrid"]

1. e4 c5 2. Nc3 Nc6 3. Nf3 d6 4. d4 cxd4 5. Nxd4 Nf6 6. Bc4 Qb6 7. Nb3 e6 8.
Bf4 Ne5 9. Be2 Be7 10. Be3 Qc7 11. f4 Nc6 12. O-O a6 13. a4 b6 14. Bf3 O-O 15.
g4 Re8 16. g5 Nd7 17. Bg2 Bf8 18. Rf3 g6 19. Rh3 Bg7 20. Qe1 Rb8 21. Qh4 Nf8
22. f5 exf5 23. Nd5 Qd8 24. Rf1 f4 25. Qxf4 Bxh3 26. Bxh3 Ne5 27. Nf6+ Kh8 28.
Nd4 Re7 29. b3 b5 30. Ra1 Rc7 31. Bf1 Ne6 32. Nxe6 fxe6 33. axb5 axb5 34. Bh3
Qe7 35. Rf1 Rf8 36. Rf2 Rc3 37. Bf1 Rxe3 38. Qxe3 Bxf6 39. gxf6 Rxf6 40. Qg5
Kg7 41. Bxb5 Rf7 42. Qxe7 Rxe7 43. Kg2 Rc7 44. Bf1 Ng4 45. Re2 Rxc2 1/2-1/2

[Event "V Campeonato de España de Selecciones Au"]
[Site "Tossa de Mar"]
[Date "2010.05.02"]
[Round "6"]
[White "Anton Guijarro, David"]
[Black "Villar Perez, Samuel"]
[Result "1-0"]
[WhiteElo "2304"]
[BlackElo "2086"]
[PlyCount "155"]
[EventDate "2010.04.29"]
[EventType "team"]
[EventRounds "6"]
[EventCountry "ESP"]
[WhiteTeam "Madrid"]
[BlackTeam "Galicia"]

1. d4 Nf6 2. Nf3 g6 3. c4 Bg7 4. Nc3 d5 5. Bg5 Ne4 6. Bf4 Nxc3 7. bxc3 c5 8.
cxd5 Qxd5 9. e3 cxd4 10. cxd4 Nc6 11. Be2 O-O 12. O-O Bf5 13. Qa4 Qa5 14. Qb3
Qb4 15. Rfc1 Rac8 16. Bc4 Qxb3 17. axb3 a6 18. h3 Nb4 19. Bg5 Rfe8 20. Nd2 h6
21. Bh4 g5 22. Bg3 Red8 23. Bf1 Nd3 24. Rxc8 Rxc8 25. e4 Rc2 26. Bxd3 Rxd2 27.
Bxa6 Bxe4 28. Bc4 Bxd4 29. Re1 Bd3 30. Rxe7 Bxc4 31. bxc4 Rc2 32. Rxb7 Rxc4 33.
h4 gxh4 34. Bxh4 Kg7 35. Bg3 Kg6 36. Rd7 Bf6 37. Rd6 Re4 38. f3 Re6 39. Rd5 Bg5
40. f4 Re2 41. fxg5 hxg5 42. Rd6+ Kf5 43. Kh2 Rc2 44. Ra6 Re2 45. Kh3 Re3 46.
Kh2 Re2 47. Bc7 Rd2 48. Ra5+ Kg6 49. Ra6+ Kf5 50. Bd6 Re2 51. Bf8 Rf2 52. Be7
Kg4 53. Ra4+ Kh5 54. Kh3 f5 55. Ra5 Rf1 56. Kh2 Rf2 57. Ra8 Re2 58. Bf6 Kg6 59.
Bd4 Kh5 60. Kg1 Re4 61. Rh8+ Kg4 62. Bf6 Kg3 63. Rh3+ Kf4 64. Kh2 g4 65. Ra3
Rc4 66. Ra5 g3+ 67. Kh3 Re4 68. Bh4 Re3 69. Ra4+ Ke5 70. Bxg3+ Kf6 71. Kh2 Rd3
72. Bf4 Kg6 73. Ra8 Rb3 74. g3 Kh5 75. Kh3 Rb1 76. Rh8+ Kg6 77. Rh6+ Kf7 78.
Ra6 1-0

[Event "V Campeonato de España de Selecciones Au"]
[Site "Tossa de Mar"]
[Date "2010.05.02"]
[Round "6"]
[White "Redondo Arguelles, Graciela"]
[Black "Collado Barbas, Laura"]
[Result "1-0"]
[WhiteElo "2078"]
[BlackElo "2055"]
[PlyCount "147"]
[EventDate "2010.04.29"]
[EventType "team"]
[EventRounds "6"]
[EventCountry "ESP"]
[WhiteTeam "Galicia"]
[BlackTeam "Madrid"]

1. e4 e6 2. d3 d5 3. Nd2 Nf6 4. Ngf3 b6 5. c3 c5 6. Be2 Bb7 7. Qc2 Nc6 8. O-O
Bd6 9. Re1 O-O 10. Bf1 Qc7 11. h3 Rac8 12. b3 a6 13. a4 Rfd8 14. Ba3 Rd7 15.
Qb2 dxe4 16. dxe4 Ne5 17. Qc2 Rcd8 18. Nxe5 Bxe5 19. Nf3 h6 20. Bb2 Nh7 21.
Rad1 Rxd1 22. Rxd1 Rxd1 23. Qxd1 Bd6 24. Bd3 e5 25. Nd2 Nf6 26. Qe2 Qc8 27. Nc4
Bc7 28. Qe3 Qd7 29. Nd2 Qd8 30. Bc1 Qd7 31. Ba3 Qd8 32. a5 b5 33. Bxc5 Bxa5 34.
b4 Bc7 35. Nb3 Nh5 36. g3 Nf6 37. Kh2 Qa8 38. f3 Qd8 39. Be2 Bc8 40. Qd3 Qe8
41. Bf1 Qe6 42. Nd2 Kh8 43. c4 bxc4 44. Qxc4 Qd7 45. Qd3 Qe6 46. Nc4 Bd7 47.
Bd6 Bxd6 48. Qxd6 Qxd6 49. Nxd6 Kg8 50. Bxa6 Be6 51. Bc4 Bxc4 52. Nxc4 Nd7 53.
Kg2 Kf8 54. Kf2 Ke7 55. Ke3 Ke6 56. Kd3 Nb8 57. b5 Nd7 58. Ne3 g6 59. Kc4 Kd6
60. Nd5 h5 61. Kb4 Nb8 62. b6 Kc6 63. Ka5 Nd7 64. Ka6 Nxb6 65. Nxb6 Kc5 66.
Nd7+ Kd4 67. Kb5 g5 68. g4 hxg4 69. hxg4 Ke3 70. Nxe5 f6 71. Nd7 Kxf3 72. Nxf6
Kf4 73. Kc6 Ke5 74. Kd7 1-0

[Event "V Campeonato de España de Selecciones Au"]
[Site "Tossa de Mar"]
[Date "2010.05.02"]
[Round "6"]
[White "Gomez Esteban, Juan Mario"]
[Black "Dominguez Pons, Eric"]
[Result "1-0"]
[WhiteElo "2490"]
[BlackElo "2312"]
[PlyCount "117"]
[EventDate "2010.04.29"]
[EventType "team"]
[EventRounds "6"]
[EventCountry "ESP"]
[WhiteTeam "Euskadi"]
[BlackTeam "Catalunya B"]

1. d4 d5 2. c4 c6 3. Nf3 Nf6 4. Qc2 e6 5. Bg5 Be7 6. e3 O-O 7. Nc3 b6 8. Be2
Bb7 9. O-O Nbd7 10. Rfd1 Rc8 11. Rac1 Re8 12. h3 Nf8 13. Bf4 Ng6 14. Bg3 Bd6
15. Bxd6 Qxd6 16. a3 Qe7 17. b4 c5 18. dxc5 bxc5 19. cxd5 exd5 20. bxc5 Rxc5
21. Qb2 Bc8 22. Nb5 Ba6 23. Rxc5 Qxc5 24. Rc1 Qb6 25. Nfd4 Rc8 26. Rxc8+ Bxc8
27. Qb4 Bd7 28. Nc3 Qxb4 29. axb4 Ne5 30. Kf1 Kf8 31. Ke1 Nc6 32. Nxc6 Bxc6 33.
Bb5 Bb7 34. g3 Ke7 35. Kd2 Kd6 36. Kd3 g5 37. Kd4 Ng8 38. Bd3 a6 39. Bxh7 Ne7
40. Ne2 Bc8 41. Bd3 a5 42. bxa5 Nc6+ 43. Kc3 Nxa5 44. h4 gxh4 45. gxh4 Ke7 46.
Nf4 Be6 47. h5 Nc6 48. Bb5 Ne5 49. Be2 Nc6 50. Bf3 Ne5 51. Bxd5 Ng4 52. Bxe6
fxe6 53. Nh3 Nf6 54. h6 Kf7 55. Kd4 Ng4 56. Ng5+ Kg6 57. h7 e5+ 58. Ke4 Nxf2+
59. Kf3 1-0

[Event "V Campeonato de España de Selecciones Au"]
[Site "Tossa de Mar"]
[Date "2010.05.02"]
[Round "6"]
[White "Lillo Castay, Victor"]
[Black "Argandona Riveiro, Inigo"]
[Result "0-1"]
[WhiteElo "2300"]
[BlackElo "2388"]
[PlyCount "98"]
[EventDate "2010.04.29"]
[EventType "team"]
[EventRounds "6"]
[EventCountry "ESP"]
[WhiteTeam "Catalunya B"]
[BlackTeam "Euskadi"]

1. e4 d6 2. d4 Nf6 3. Nc3 e5 4. Nf3 Nbd7 5. Bc4 Be7 6. O-O Nb6 7. Bb3 exd4 8.
Qxd4 O-O 9. h3 a5 10. a3 a4 11. Ba2 Ra5 12. Be3 Rh5 13. Ne2 Nfd7 14. Ng3 Rb5
15. Qd3 Rxb2 16. Bd4 Bf6 17. Bxb2 Bxb2 18. Rab1 Bf6 19. Rfd1 g6 20. Nd2 Qe7 21.
Nc4 Nxc4 22. Qxc4 Nc5 23. Qb4 Be5 24. Re1 Qh4 25. Re3 Bf4 26. Rf3 Bxg3 27. fxg3
Qxe4 28. Rbf1 Qxb4 29. axb4 Ne6 30. b5 Bd7 31. Bxe6 Bxe6 32. Ra1 Bd7 33. c4 c6
34. b6 Ra8 35. Rd3 Be6 36. Rxd6 a3 37. Rd3 a2 38. Rc3 Ra4 39. c5 Rb4 40. Rc2
Rb1+ 41. Rc1 Rb2 42. Kh2 Bd5 43. Rg1 f5 44. g4 f4 45. g5 f3 46. Kg3 fxg2 47.
Rge1 Kf7 48. Kh2 Rc2 49. Red1 Rxc5 0-1

[Event "V Campeonato de España de Selecciones Au"]
[Site "Tossa de Mar"]
[Date "2010.05.02"]
[Round "6"]
[White "Alonso Arburu, Juan Ignacio"]
[Black "Colon Garcia, Enrique"]
[Result "1-0"]
[WhiteElo "2372"]
[BlackElo "2249"]
[PlyCount "73"]
[EventDate "2010.04.29"]
[EventType "team"]
[EventRounds "6"]
[EventCountry "ESP"]
[WhiteTeam "Euskadi"]
[BlackTeam "Catalunya B"]

1. c4 Nf6 2. Nf3 e6 3. d4 b6 4. Nc3 Bb4 5. g3 Bb7 6. Bg2 Bxc3+ 7. bxc3 O-O 8.
O-O d6 9. Nd2 Bxg2 10. Kxg2 c5 11. e4 Qc7 12. d5 Re8 13. f3 Nbd7 14. a4 a6 15.
dxe6 fxe6 16. f4 e5 17. f5 Qb7 18. Qe2 b5 19. Rb1 b4 20. g4 h6 21. h4 h5 22. g5
Ng4 23. Rf3 a5 24. Nf1 Rf8 25. Ng3 g6 26. fxg6 Rxf3 27. Qxf3 Rf8 28. Nf5 Nb6
29. Rb2 Nxa4 30. Rd2 Rxf5 31. exf5 e4 32. Qf4 Nxc3 33. Qxd6 e3+ 34. Rd5 Nxd5
35. cxd5 e2 36. Qd8+ Kg7 37. Bb2+ 1-0

[Event "V Campeonato de España de Selecciones Au"]
[Site "Tossa de Mar"]
[Date "2010.05.02"]
[Round "6"]
[White "Sanchez Ibern, Marc"]
[Black "Astasio Lopez, David"]
[Result "1/2-1/2"]
[WhiteElo "2265"]
[BlackElo "2303"]
[PlyCount "32"]
[EventDate "2010.04.29"]
[EventType "team"]
[EventRounds "6"]
[EventCountry "ESP"]
[WhiteTeam "Catalunya B"]
[BlackTeam "Euskadi"]

1. e4 c5 2. Nf3 e6 3. d4 cxd4 4. Nxd4 Nf6 5. Nc3 Nc6 6. Nxc6 bxc6 7. e5 Nd5 8.
Ne4 Qc7 9. f4 Qb6 10. c4 Bb4+ 11. Ke2 Ba6 12. Kf3 f5 13. Nf2 Ne7 14. Be3 Bc5
15. Bxc5 Qxc5 16. Qd6 Qa5 1/2-1/2

[Event "V Campeonato de España de Selecciones Au"]
[Site "Tossa de Mar"]
[Date "2010.05.02"]
[Round "6"]
[White "Munoz Perez, Miriam"]
[Black "Martinez Ramirez, Erik"]
[Result "0-1"]
[WhiteElo "2064"]
[BlackElo "2162"]
[PlyCount "108"]
[EventDate "2010.04.29"]
[EventType "team"]
[EventRounds "6"]
[EventCountry "ESP"]
[WhiteTeam "Euskadi"]
[BlackTeam "Catalunya B"]

1. e4 c5 2. Nf3 Nc6 3. d4 cxd4 4. Nxd4 g6 5. Nc3 Bg7 6. Be3 Nf6 7. Be2 O-O 8.
O-O d6 9. Kh1 Nxd4 10. Bxd4 Be6 11. f4 Qc8 12. Qe1 d5 13. Bd3 dxe4 14. Nxe4
Nxe4 15. Bxg7 Kxg7 16. Qxe4 Rd8 17. Rad1 Qc6 18. Qxc6 bxc6 19. a3 a5 20. b3 Rd4
21. Be2 Rad8 22. Kg1 c5 23. g3 Bf5 24. c3 Rd2 25. b4 cxb4 26. cxb4 axb4 27.
axb4 Bh3 28. Rxd2 Rxd2 29. Re1 Rb2 30. b5 Bf5 31. Bf3 e6 32. Bc6 Bd3 33. Re5
Kf6 34. h4 h5 35. Rc5 Ke7 36. Re5 f6 37. Re3 Bxb5 38. Be4 Be8 39. Ra3 Re2 40.
Ra7+ Kf8 41. Bf3 Rc2 42. Ra8 Kf7 43. Ra7+ Kf8 44. Ra8 Ke7 45. Ra7+ Kd6 46. Be4
Rc4 47. Ra6+ Kc5 48. Bd3 Rc3 49. Be4 f5 50. Rxe6 fxe4 51. Rxe8 Rxg3+ 52. Kf2
Rf3+ 53. Ke2 Rxf4 54. Re5+ Kd4 0-1

[Event "V Campeonato de España de Selecciones Au"]
[Site "Tossa de Mar"]
[Date "2010.05.02"]
[Round "6"]
[White "Marin Benito, Carla"]
[Black "Garro Beraza, Julen"]
[Result "0-1"]
[WhiteElo "1812"]
[BlackElo "1881"]
[PlyCount "60"]
[EventDate "2010.04.29"]
[EventType "team"]
[EventRounds "6"]
[EventCountry "ESP"]
[WhiteTeam "Catalunya B"]
[BlackTeam "Euskadi"]

1. e4 c5 2. Nc3 Nc6 3. g3 g6 4. Bg2 Bg7 5. d3 d6 6. Be3 e6 7. Nge2 Nd4 8. Qd2
Rb8 9. Nd1 Ne7 10. O-O O-O 11. c3 Nxe2+ 12. Qxe2 e5 13. f4 b6 14. g4 f5 15.
gxf5 gxf5 16. Kh1 Kh8 17. Qh5 Qe8 18. Qxe8 Rxe8 19. Nf2 Bb7 20. Rfe1 Bf6 21.
Nh3 Rg8 22. Rg1 c4 23. Rad1 Rbd8 24. dxc4 fxe4 25. fxe5 dxe5 26. Nf2 Nf5 27.
Nxe4 Nxe3 28. Rxd8 Bxd8 29. Bf3 Rxg1+ 30. Kxg1 Nxc4 0-1

[Event "V Campeonato de España de Selecciones Au"]
[Site "Tossa de Mar"]
[Date "2010.05.02"]
[Round "6"]
[White "Alvarez Fernandez, Enrique"]
[Black "Pons Carreras, David"]
[Result "1/2-1/2"]
[WhiteElo "2366"]
[BlackElo "2297"]
[PlyCount "49"]
[EventDate "2010.04.29"]
[EventType "team"]
[EventRounds "6"]
[EventCountry "ESP"]
[WhiteTeam "Asturias"]
[BlackTeam "Balears"]

1. d4 e6 2. Bf4 Nf6 3. e3 c5 4. c3 Nc6 5. Nd2 d5 6. Ngf3 Bd6 7. Bg3 Qe7 8. Ne5
O-O 9. Nxc6 bxc6 10. Qa4 Bd7 11. Bxd6 Qxd6 12. Qa3 Rfb8 13. Bd3 e5 14. Nb3 e4
15. Be2 Bg4 16. Bxg4 Nxg4 17. h3 Nxe3 18. fxe3 Qg3+ 19. Kf1 c4 20. Nc5 Qxe3 21.
Re1 Qd2 22. Re2 Qd1+ 23. Re1 Qd2 24. Re2 Qc1+ 25. Re1 1/2-1/2